Interné public relations diplomová práca

Saved in:
Bibliographic Details
Main Author: Hudeková, Simona
Corporate Author: Obchodná fakulta EU. Katedra marketingu
Other Authors: Lipianska, Júlia
Format: Book
Language:Slovak
Published: Bratislava 2018
Tags: Add Tag
No Tags, Be the first to tag this record!

MARC

LEADER 00000nbm a2200000 4500
001 0243394
005 20180817110656.0
041 0 |a slo 
044 |a SK 
245 1 0 |a Interné public relations  |b diplomová práca  |c Simona Hudeková ; školiteľ: Júlia Lipianska 
264 1 |a Bratislava  |c 2018 
300 |a 62 s. 
100 1 |a Hudeková, Simona 
700 1 |a Lipianska, Júlia 
710 2 |a Obchodná fakulta EU. Katedra marketingu